Man-made lakes as modifield ecosystems
Αποθηκεύτηκε σε:
| Συγγραφή απο Οργανισμό/Αρχή: | |
|---|---|
| Μορφή: | Βιβλίο |
| Γλώσσα: | English |
| Δημοσίευση: |
Paris :
International Council of Scientific Unions,
1972
|
| Σειρά: | SCOPE report ;
; 2 |
| Θέματα: | |
| Ετικέτες: |
Προσθήκη ετικέτας
Δεν υπάρχουν, Καταχωρήστε ετικέτα πρώτοι!
|
MARC
| LEADER | 00000nam a2200000 i 4500 | ||
|---|---|---|---|
| 001 | 1/9160 | ||
| 008 | 970128s1972 eng d | ||
| 035 | |l 10017370 | ||
| 040 | |a GR-MY-UA |b gre |e aacr | ||
| 041 | 0 | |a eng | |
| 082 | 0 | |a 574.526322 | |
| 110 | 2 | |a SCOPE Working Group on Man-Made Lakes. | |
| 245 | 1 | 0 | |a Man-made lakes as modifield ecosystems / |c SCOPE Working Group on Man-made Lakes |
| 260 | |a Paris : |b International Council of Scientific Unions, |c 1972 | ||
| 300 | |a 76 p. | ||
| 490 | 1 | |a SCOPE report |v ; 2 | |
| 650 | 0 | 0 | |a Lake ecology. |
| 830 | 0 | |a SCOPE report ; |v ; 2 | |
| 852 | |a INST |b LESVOS |e 19970128 |h 574.526322 SCO |p 005100012126 |q 005100012126 |t BK |y 0 | ||
| 909 | |a Λ |b 02090 | ||